000 00700nam a2200253Ia 4500
003 OSt
005 20220918163204.0
006 a|||||r|||| 00| 0
007 ta
008 220917b |||||||| |||| 00| 0 eng d
020 _a0 19 56 53289 (hbk)
024 _a198,109
037 _cTextual
040 _aARTS
_cARTS
_beng
041 _2eng
_aeng
082 _aN44, P1(TTO)
100 _aDalmia Yashodhara
_96836
245 0 _aMaking of modern Indian art
_b the progressives
260 _aNew Delhi
_bOxford university press India
_c2001
300 _axi,339 p.
_ccm.
650 _aARTS
942 _hN44, P1(TTO)
_cTEXL
_2CC
999 _c118307
_d118307